<?xml version="1.0" encoding="UTF-8"?>
<record
    xmlns:xsi="http://www.w3.org/2001/XMLSchema-instance"
    xsi:schemaLocation="http://www.loc.gov/MARC21/slim http://www.loc.gov/standards/marcxml/schema/MARC21slim.xsd"
    xmlns="http://www.loc.gov/MARC21/slim">

  <leader>01515nam a2200205 a 4500</leader>
  <controlfield tag="001">MEB029580</controlfield>
  <controlfield tag="003">PILC</controlfield>
  <controlfield tag="005">20151105085039.0</controlfield>
  <controlfield tag="008">                                        </controlfield>
  <datafield tag="020" ind1=" " ind2=" ">
    <subfield code="a">9781632413574 (hbk.)</subfield>
  </datafield>
  <datafield tag="050" ind1=" " ind2=" ">
    <subfield code="a">RM 845 </subfield>
    <subfield code="b">.Sp67 2015 </subfield>
  </datafield>
  <datafield tag="245" ind1=" " ind2="0">
    <subfield code="a">Sports and exercise medicine : muscle injuries /</subfield>
    <subfield code="c">edited by Pablo de Souza.</subfield>
  </datafield>
  <datafield tag="260" ind1=" " ind2=" ">
    <subfield code="a">NY :</subfield>
    <subfield code="b">Hayle Medical,</subfield>
    <subfield code="c">2015.</subfield>
  </datafield>
  <datafield tag="300" ind1=" " ind2=" ">
    <subfield code="a">vi, 324 pages :</subfield>
    <subfield code="b">color illustrations ;</subfield>
    <subfield code="c">24 cm.</subfield>
  </datafield>
  <datafield tag="500" ind1=" " ind2=" ">
    <subfield code="a">Includes bibliographical references and index. </subfield>
  </datafield>
  <datafield tag="505" ind1=" " ind2=" ">
    <subfield code="g">Section 1: General Aspect --</subfield>
    <subfield code="g">Chapter 1</subfield>
    <subfield code="t">Nutritional Interventions as Potential Stratery to Minimize Exercise-Induced Muscle Injuries in Sports --</subfield>
    <subfield code="g">Chapter 2</subfield>
    <subfield code="t">Etiology, Biology and Treatment of Muscular Leisons --</subfield>
    <subfield code="g">Section 2: Imaging and Clinical Evaluation --</subfield>
    <subfield code="g">Chapter 3 </subfield>
    <subfield code="t">Diagnostic Imaging in Muscle Injury --</subfield>
    <subfield code="g">Chapter 4</subfield>
    <subfield code="t">Overview of Different Location of Muscle Strain --</subfield>
    <subfield code="g">Section 3:Treatment--</subfield>
    <subfield code="g">Chapter 5</subfield>
    <subfield code="t">Conservative Treatment of Muscle Injuries:From Scientific Evidence to Clinical Practice--</subfield>
    <subfield code="g">Chapter 6</subfield>
    <subfield code="t">The treatment of Muscle Hematomas --</subfield>
    <subfield code="g">Chapter 7</subfield>
    <subfield code="t">Medical Treatment of Muscle Lesion --</subfield>
    <subfield code="g">Chapter 8</subfield>
    <subfield code="t">Surgical Treatment --</subfield>
    <subfield code="g">Section 4: Prevention --</subfield>
    <subfield code="g">Chapter 9</subfield>
    <subfield code="t">Prevention of Muscle Injuries - The Soccer Model</subfield>
    <subfield code="g">Chapter 10</subfield>
    <subfield code="t">How and When to use an Injury Prevention Intervention --</subfield>
    <subfield code="g">Chapter 11</subfield>
    <subfield code="t">Muscle Injuries in Professional Soccer Players During the Month of Ramadan.</subfield>
  </datafield>
  <datafield tag="650" ind1=" " ind2=" ">
    <subfield code="a">Muscle injury. </subfield>
  </datafield>
  <datafield tag="700" ind1="1" ind2=" ">
    <subfield code="a">De Souza, Pablo,</subfield>
    <subfield code="e">editor. </subfield>
  </datafield>
  <datafield tag="942" ind1=" " ind2=" ">
    <subfield code="2">lcc</subfield>
    <subfield code="c">BK</subfield>
    <subfield code="k">FOR</subfield>
  </datafield>
  <datafield tag="999" ind1=" " ind2=" ">
    <subfield code="c">288892</subfield>
    <subfield code="d">288892</subfield>
  </datafield>
  <datafield tag="952" ind1=" " ind2=" ">
    <subfield code="0">0</subfield>
    <subfield code="1">0</subfield>
    <subfield code="2">lcc</subfield>
    <subfield code="4">0</subfield>
    <subfield code="a">CL</subfield>
    <subfield code="b">CL</subfield>
    <subfield code="c">RES</subfield>
    <subfield code="d">2015-11-05</subfield>
    <subfield code="e">Library Fund</subfield>
    <subfield code="g">10947.00</subfield>
    <subfield code="k">RES</subfield>
    <subfield code="l">0</subfield>
    <subfield code="o">RM 845  .Sp67 2015</subfield>
    <subfield code="p">C20221</subfield>
    <subfield code="r">2018-05-15 00:00:00</subfield>
    <subfield code="w">2015-11-05</subfield>
    <subfield code="y">BK</subfield>
  </datafield>
</record>
